000 00794nac a22002411u 4500
010 _a 77029117
020 _a0470992409
022 _a0852268602
082 0 0 _a620.11
_bTEW
090 _c9098
_d9098
100 _aTewary, V. K.
245 1 0 _aMechanics of fibre composites /
_cV. K. Tewary.
260 _aNew Delhi :
_bWiley,c1978.
_cc1978.
300 _ax, 288 p. :
_bill. ;
_c25 cm.
500 _a"A Halsted Press book."
500 _aIncludes indexes.
500 _aDistributer: Al-Ahram.
504 _aBibliography: p. [263]-278.
511 _aCatalogued By: Mahitab.
650 0 _aFibrous composites.
942 _cBB
_k620.11TEW
999 _c9098
_d9098